Представление документа в формате RUSMARC

ПолеНазваниеЗначение
  Тип записи a
  Библиографический уровень m
001 Контрольный номер 4042c2e0a94847c88904955f0f0a9456
005 Дата корректировки 20201206205201.7
010 Индекс ISBN __
a ISBN 978-5-906350-44-2 (в пер.)
d Цена 941-00, 500 экз.
100 Данные общей обработки __
a Данные общей обработки 19190416d2018||||||| 0rusy0189 ca
101 Язык документа 0_
a Язык текста rus
102 Страна публикации __
a Страна публикации RU|
102 Страна публикации __
a Страна публикации RU
105 Кодированные данные (монография) __
a Кодированные данные (монография) #|||||||000zy
200 Заглавие и сведения об ответственности 1_
a Заглавие ЗБ
f Первые сведения об ответственности Олег Раин ; [рисунки Марины Богуславской]
b Общее обозначение материала Текст
210 Выходные данные __
a Место издания Екатеринбург
c Издательство Сократ
d Дата издания 2018
215 Физическое описание __
a Объем 314, [1] с.
c Иллюстрации/тип воспроизводства ил.
d Формат 22 см
330 Аннотация __
a Аннотация Эта книга о нашем сегодняшнем времени - о мире и войне, о дружбе и невзгодах одиночества. ЗБ - заброшенная больница - именно это буквосочетание превращено автором в нечто живое и овеществленное, играющее в книге одну из главных ролей. Вне этого здания кипят нешуточные страсти, и симпатичный облик героинь повести вовсе не гарантирует доброго поведения. Старшеклассницы живут по суровым законам современности, воюя за лидерство, объединяясь в стаи. Валерия - белая ворона среди них, но она умеет за себя постоять и не желает подчиняться жестоким правилам. Вдвоем с подругой они вынуждены отступать под натиском родного класса, и только помощь загадочного здания позволяет им выжить и одержать значимую победу.
333 Примечание о целевом назначении __
a Примечание о целевом назначении 12+. Для детей старше 12 лет
606 Тематические рубрики __
a Основная рубрика Художественная литература
606 Тематические рубрики __
a Основная рубрика Современная русская литература (произведения)
610 Ключевые слова __
a Ключевые слова детская литература
610 Ключевые слова __
a Ключевые слова детская проза
610 Ключевые слова __
a Ключевые слова повести
610 Ключевые слова __
a Ключевые слова подростковая литература
610 Ключевые слова __
a Ключевые слова тема детей
610 Ключевые слова __
a Ключевые слова тема подростков
610 Ключевые слова __
a Ключевые слова юношеская литература
610 Ключевые слова __
a Ключевые слова тема дружбы
610 Ключевые слова __
a Ключевые слова тема друзей
610 Ключевые слова __
a Ключевые слова повести
610 Ключевые слова __
a Ключевые слова повести для детей
686 Индексы других классификаций __
2 Код системы rubbks
a Классификационный индекс 84(2=411.2)6-4; ст84(2=411.2)6-4
700 Автор _1
a Фамилия Раин
b Имя О.
f Даты 1964-
g Полное личное имя Олег
4 Код отношения 070
702 Вторичная интеллектуальная ответственность _1
a Фамилия Богуславская
b Имя М.
4 Код отношения Художник
g Полное личное имя Марина
4 Код отношения 040
801 Источник записи _0
a Страна RU
b Организация Муниципальное бюджетное учреждение культуры "Централизованная библиотечная система" г. Сургут (Центральная городская библиотека им. А. С. Пушкина)
c Дата составления 20190416
g Правила каталогизации PSBO
801 Источник записи _1
a Страна RU
b Организация Муниципальное бюджетное учреждение культуры "Централизованная библиотечная система" г. Сургут (Центральная городская библиотека им. А. С. Пушкина)
c Дата составления 20190416
g Правила каталогизации PSBO
852 Данные о местонахождении __
j Шифр хранения 84(2=411.2)6-4
i Авторский знак Р 18
901 Тип документа __
t Тип документа m
a Ответственный ООФиК/Волкова
903 Характеристики (МАРС) __
a Дата передачи 20190416
969 Тип издания __
a Тип издания издание для юношества
990 Данные о заказе (DOS) __
j Количество экземпляров (DOS) 7
t N записи в КСУ для И/У (DOS) 201905